LEADER 00930nam a22002531i 4500 001 991003829329707536 005 20040617141956.0 008 040802s1978 sz |||||||||||||||||fre 035 $ab13134498-39ule_inst 035 $aARCHE-108710$9ExL 040 $aBiblioteca Interfacoltà$bita$cA.t.i. Arché s.c.r.l. Pandora Sicilia s.r.l. 082 04$a841.1 100 1 $aRonsard, Pierre :$cde$0155515 245 10$aHymnes /$cRonsard ; avec une introduction et des notes par Albert Py 260 $aGenève :$bDroz,$c1978 300 $a504 p. ;$c18 cm 440 0$aTextes littéraires français 700 1 $aPy, Albert 907 $a.b13134498$b02-04-14$c05-08-04 912 $a991003829329707536 945 $aLE002 Fondo Giudici L 785$g1$i2002000335449$lle002$nC. 1$o-$pE0.00$q-$rn$so $t0$u0$v0$w0$x0$y.i13771231$z05-08-04 996 $aHymnes$9309445 997 $aUNISALENTO 998 $ale002$b05-08-04$cm$da $e-$ffre$gsz $h0$i1 LEADER 03885nam 2200613 450 001 9910819453703321 005 20200520144314.0 010 $a1-61192-523-1 035 $a(CKB)3710000000358045 035 $a(EBL)3115232 035 $a(SSID)ssj0001423585 035 $a(PQKBManifestationID)12618392 035 $a(PQKBTitleCode)TC0001423585 035 $a(PQKBWorkID)11440326 035 $a(PQKB)11677885 035 $a(MiAaPQ)EBC3115232 035 $a(Au-PeEL)EBL3115232 035 $a(CaPaEBR)ebr11020790 035 $a(OCoLC)922965332 035 $a(EXLCZ)993710000000358045 100 $a20121217h20122012 uy| 0 101 0 $aeng 135 $aurcnu|||||||| 181 $ctxt 182 $cc 183 $acr 200 00$aIn defense of my people $eAlonso S. Perales and the development of Mexican-American public intellectuals /$fedited by Michael A. Olivas 210 1$aHouston, Texas :$cArte Pu?blico Press,$d[2012] 210 4$d©2012 215 $a1 online resource (384 p.) 225 1 $aHispanic civil rights series 300 $aDescription based upon print version of record. 311 $a1-55885-760-5 320 $aIncludes bibliographical references. 327 $aLetter from United States ambassador to Argentina / Vilma S. Martinez -- Alonso S. Perales, the rule of law, and the development of Mexican-American public intellectuals / Michael A. Olivas -- Alonso S. Perales and his struggle for the civil rights of La Raza through the League of United Latin American Citizens (LULAC) in Texas in the 1930s : incansable soldado del civismo pro-raza / Cynthia E. Orozco -- In defense of my people : Alonso Perales and the moral construction of citizenship / Benjamin Marquez -- Trials of unity : rethinking the Mexican-American generation in Texas, 1948-1960 / Joseph Orbock Medina -- Legally white, socially brown : Alonso S. Perales and his crusade for justice for la raza / Lupe S. Salinas -- "Mendigos de nacionalidad" : Mexican-Americanism and ideologies of belonging in a new era of citizenship, Texas 1910-1967 / Aaron Sanchez -- Alonso S. Perales and the effort to establish the civil rights of Mexican-Americans as seen through the lens of contemporary critical legal theory : post-racialism, reality construction, interest convergence and other critical themes / George A. Martinez -- Alonso S. Perales and the Catholic imaginary : religion and the Mexican-American mind / Mario T. Garcia -- Faithful dissident : Alonso Perales, discrimination, and the Catholic Church / Virginia Marie Raymond -- Changing voices : approaching modernity from Mexican to Mexican-American to Chicano in the epistolary archives of Alonso S. Perales / Norma Adelfa Mouton -- Self-writing and collective representation : the literary enuciation of historical reality and cultural values / Donna M. Kabalen de Bichara -- Writing a biography of Alonso Sandoval Perales / F. Arturo Rosales -- Connecting causes : Alonso Perales, hemispheric unity, and Mexican rights in the United States / Emilio Zamora -- The legal career of Alonso S. Perales / Michael A. Olivas. 410 0$aHispanic civil rights series. 606 $aMexican Americans$xCivil rights$zTexas$xHistory$y20th century 606 $aMexican Americans$xCivil rights$xHistory$y20th century 606 $aMexican Americans$xIntellectual life$y20th century 606 $aMexican Americans$zTexas$vBiography 615 0$aMexican Americans$xCivil rights$xHistory 615 0$aMexican Americans$xCivil rights$xHistory 615 0$aMexican Americans$xIntellectual life 615 0$aMexican Americans 676 $a973/.046872 676 $aB 702 $aOlivas$b Michael A. 801 0$bMiAaPQ 801 1$bMiAaPQ 801 2$bMiAaPQ 906 $aBOOK 912 $a9910819453703321 996 $aIn defense of my people$94102680 997 $aUNINA